Groups of Countries base on Geography and History - Statistics

General Stats
  • This quiz has been taken 41 times
  • The average score is 30 of 31
Answer Stats
Answer % Correct
Belize
100%
Bhutan
100%
China
100%
Denmark
100%
Finland
100%
Guatemala
100%
Honduras
100%
Iceland
100%
India
100%
Indonesia
100%
Nepal
100%
Nicaragua
100%
Norway
100%
Pakistan
100%
Panama
100%
Sweden
100%
Cambodia
97%
Costa Rica
97%
El Salvador
97%
Estonia
97%
Latvia
97%
Lithuania
97%
Vietnam
97%
Brunei
95%
Laos
95%
Malaysia
95%
Thailand
95%
Armenia
92%
Georgia
92%
Myanmar
89%
Azerbaijan
87%
No matching quizzes found
Score Distribution
Percent of People with Each Score
Percentile by Number Answered
Your Score History
You have not taken this quiz